• 首页
  • 本馆介绍
  • 公告通知
  • 最新文献
  • 馆藏检索
  • 电子资源
  • 读者导购
  • 参考咨询
  • 我的图书馆
  • 登录
  • 详细信息显示
  • 放入我的书架
  • 预约/预借图书
  • 作者相关作品
  • 分类相关作品
  • 丛书相关作品
  • 出版社相关作品

书目信息

  • 表格格式
  • 工作单格式
  • 卡片格式
题名:
微观动机与宏观行为
    
 
作者: 谢林 著 ;谢静 译
分册:  
出版信息: 北京   中国人民大学出版社  2006
页数: 234
开本: 18cm
丛书名:
单 册:
中图分类: F014.9
科图分类:
主题词: 政治经济学--概论
电子资源:
ISBN: 7-300-06547-3
000 00627nam0 2200205 450
001 0760515518
005 20070917153053.17
010    @a7-300-06547-3@dCNY22.00
100    @a20070817d km y0chiy0120 ea
101 0  @achi
102    @aCN@b110000
200 1  @a微观动机与宏观行为@Awei guan dong ji yu hong guan xing wei@f(美)谢林著@F(mei)xie lin zhu@g谢静等译@Gxie jing deng yi
210    @a北京@c中国人民大学出版社@d2006
215    @a234@d18cm
606 0  @a政治经济学@x概论
690    @aF014.9@v3
701  0 @a谢林@Axie lin@4著
702  0 @a谢静@Axie jing@4译
801  0 @aCN@bPFT@c20070917
905    @a213230@dF014.9@eg114@f1
    
    微观动机与宏观行为/(美)谢林著/谢静等译.-北京:中国人民大学出版社,2006
    234;18cm
    
    
    ISBN 7-300-06547-3:CNY22.00
    
●
相关链接 在E读中查询图书 在五车中查询图书 在当当中查询图书 在豆瓣中查询图书


正题名:微观动机与宏观行为     索取号:F014.9/g114         预约/预借

序号 登录号 条形码 馆藏地/架位号 状态 备注
1 6503263   265032635   密集书库-海洋学院/ [索取号:F014.9/g114] 在馆    
2 6503264   265032644   密集书库-海洋学院/ [索取号:F014.9/g114] 在馆    
3 6503777   265037774   密集书库-海洋学院/ [索取号:F014.9/g114] 在馆    
4 6503778   265037783   密集书库-海洋学院/ [索取号:F014.9/g114] 在馆    
5 6503779   265037792   密集书库-海洋学院/ [索取号:F014.9/g114] 在馆    
6 6503780   265037809   密集书库-海洋学院/ [索取号:F014.9/g114] 在馆    
7 6503781   265037818   密集书库-海洋学院/ [索取号:F014.9/g114] 在馆    
8 6503782   265037827   密集书库-海洋学院/ [索取号:F014.9/g114] 在馆    
9 6503783   265037836   密集书库-海洋学院/ [索取号:F014.9/g114] 在馆    
10 6503784   265037845   密集书库-海洋学院/ [索取号:F014.9/g114] 在馆    
唐山师范学院图书馆 欢迎您!
大连网信软件有限公司© 版权所有